Examples of commutative rings
Saved in:
| 主要作者: | |
|---|---|
| 格式: | 图书 |
| 语言: | 西班牙语 |
| 出版: |
Trenton
Polygonal Publishing House
1981
|
| 版: | 1a. ed |
| 主题: | |
| 标签: |
添加标签
没有标签, 成为第一个标记此记录!
|
MARC
| LEADER | 00000cam a2200000 a 4500 | ||
|---|---|---|---|
| 001 | UCD7798 | ||
| 003 | CL-VaPUC | ||
| 008 | 170407e19810000us |||||||||||||||||spa|d | ||
| 020 | |a 0936428058 | ||
| 082 | 0 | 4 | |a 512.4 |b HUT |2 21 |
| 100 | 0 | |a Hutchins, Harry C |e author |9 591749 | |
| 245 | 1 | 0 | |a Examples of commutative rings |
| 250 | |a 1a. ed | ||
| 300 | |a 167 p | ||
| 942 | |c BK | ||
| 945 | |d 20170407 16:56:00 |a arojas | ||
| 260 | |a Trenton |b Polygonal Publishing House |c 1981 | ||
| 650 | 0 | |a Teoría de anillos |9 342207 | |
| 650 | 0 | |a Anillos conmutativos |9 423036 | |
| 650 | 0 | |a Anillos locales |9 424055 | |
| 583 | |a last modification |c 20170407 16:56:00 |k Rodrigo Vera | ||
| 999 | |c 367704 |d 367702 | ||
| 952 | |0 0 |1 0 |3 erd |4 0 |6 512_400000000000000_HUT_1981 |7 0 |8 A |9 482723 |a BIBMAT |b BIBMAT |i 5384605 |o 512.4 HUT 1981 |p 5384605 |r 2025-01-07 |w 2019-11-24 |y BK |z Catalogado en:20170407 |k MAT | ||